| 000 | 00514nam a2200181Ia 4500 | ||
|---|---|---|---|
| 003 | OSt | ||
| 005 | 20200323095842.0 | ||
| 008 | 190216s9999||||xx |||||||||||||| ||und|| | ||
| 020 | _a9781851687107 | ||
| 040 | _coclc | ||
| 082 |
_a297 _bELI/K |
||
| 100 |
_aElias, Jamal J _92146 |
||
| 245 | 0 |
_aKey Themes For The Study Of Islam / _cJamal J Elias |
|
| 260 |
_bOneworld Oxford, _c2010. _aEngland: |
||
| 300 | _a445p | ||
| 650 | _aIslamic History | ||
| 942 |
_cBK _2ddc _h297 _iELI/K _k297 _mELI/K |
||
| 999 |
_c22784 _d22784 |
||